LEADER 01476nam a2200301 i 4500 001 000000145850 003 CaOOAMICUS 005 20230203115326.0 008 051209n it u000 u mul u 040 $aSeMil$bita 100 1 $aDugnani, Ferruccio.$0(OLS)http://semarc/name/18877 245 10$aAntropologia :$bnote scolastiche per il corso di spiritualitą e di filosofia /$c[sac. Ferruccio Dugnani]. 264 1$aSaronno :$b[s.n.],$c[1961] 300 $a378, XXXVIII p. ;$c22 cm. 500 $aTesto dattiloscritto. 541 0 $aFondo card. Giovanni Colombo (3GC IV 276) 650 4$aAntropologia filosofica.$0(OLS)http://semarc/subject/976 650 4$aUomo - Filosofia.$0(OLS)http://semarc/subject/10134 850 $aSeMil 852 $aSeMil$W1$xVenegono$y1$m2P II 1022$j236945$B244065$CSeMilBibl$Z2$F244065 $81 852 $aSeMil$W1$xVenegono$y1$m2P II 1023$j236946$B244066$CSeMilBibl$Z2$F244066 $81 852 $aSeMil$W1$xVenegono$y1$m2P II 622$j98573$B98573$CSeMilBibl$Z2$F106912 $81 852 $aSeMil$W1$xVenegono$y1$m3GC IV 276$j195405$B195405$CSeMilBibl$Z2$F206079 $8B 961 $aOmaggio: Biblioteca Seminario Seveso (fino al 1985) 961 $aLascito: Colombo Card. Giovanni 996 $6245$aAntropologia :$bnote scolastiche per il corso di spiritualitą e di filosofia$9(OLS)http://semarc/title/213237 996 $6264$aSaronno :$b[s.n.]$9(OLS)http://semarc/publisher/31096 LEADER 01224nam a2200277 i 4500 001 000000156886 003 CaOOAMICUS 005 20070130000000.0 008 070130s2006 it u000 u ita u 013 $a134241 020 $a88-315-3114-X 040 $aSeMil$bita 100 1 $aBrjancaninov, Ignatij.$0(OLS)http://semarc/name/61292 245 10$aSulle tracce della filocalia :$bpagine sulla preghiera esicasta /$cIgnatij Brjancaninov ; a cura di Richard Cemus. 260 $aMilano :$bPaoline,$c2006. 300 $a363 p. ;$c21 cm. 490 0 $aLetture cristiane del secondo millennio ;$v38 650 4$aEsicasmo.$0(OLS)http://semarc/subject/15731 700 1 $aCemus, Richard .$0(OLS)http://semarc/name/35320 830 0$aLetture cristiane del secondo millennio ;$v38.$0(OLS)http://semarc/title/7872 850 $aSeMil 852 $aSeMil$W1$xVenegono$y1$m2S VI 238$j108629$B108629$CSeMilBibl$Z2$F118184 $81 961 $aRecupero: Seminario di Seveso 996 $6020$a88-315-3114-X$9(OLS)http://semarc/number/147119 996 $6245$aSulle tracce della filocalia :$bpagine sulla preghiera esicasta$9(OLS)http://semarc/title/230035 996 $6260$aMilano :$bPaoline$9(OLS)http://semarc/publisher/29684